OLIVER TWIST (Record no. 4860)
[ view plain ]
| 000 -LEADER | |
|---|---|
| fixed length control field | 00569nam a22001457a 4500 |
| 020 ## - INTERNATIONAL STANDARD BOOK NUMBER | |
| ISBN | 81-8423-396-5 |
| 082 ## - DEWEY DECIMAL CLASSIFICATION NUMBER | |
| Classification number | 894.812.3 |
| Item number | DK/O |
| 100 ## - MAIN ENTRY--AUTHOR NAME | |
| Personal name | DICKENS, CHARLES |
| 245 ## - TITLE STATEMENT | |
| Title | OLIVER TWIST |
| 260 ## - PUBLICATION, DISTRIBUTION, ETC. (IMPRINT) | |
| Place of publication | THRISSUR |
| Name of publisher | GREEN BOOKS PRIVATE LTD |
| Year of publication | 2015 |
| 300 ## - PHYSICAL DESCRIPTION | |
| Number of Pages | 264 |
| 520 ## - SUMMARY, ETC. | |
| Summary, etc | he story follows the titular orphan, who, after being raised in a workhouse, escapes to London, where he meets a gang of juvenile pickpockets led by the elderly criminal Fagin, discovers the secrets of his parentage, and reconnects with his remaining family. |
| 650 ## - SUBJECT ADDED ENTRY--TOPICAL TERM | |
| Topical Term | NOVEL |
| 942 ## - ADDED ENTRY ELEMENTS (KOHA) | |
| Koha item type | Books |
| Withdrawn status | Lost status | Collection code | Home library | Current library | Shelving location | Date acquired | Source of acquisition | Cost, normal purchase price | Full call number | Accession Number | Koha item type |
|---|---|---|---|---|---|---|---|---|---|---|---|
| Fiction | Main Library | Main Library | SHELF-16- I- MALAYALAM NOVELS,FICTIONS | 05/10/2023 | Purchase | 210.00 | 894.812.3 DK/O | 03582 | Books |